00406nam a2200181Ia 4500008004100000020001800041050001400059100001900073245001600092245002200108260001500130260001600145260000900161300001600170300002000186300001000206500000800216170918s9999 xx 000 0 und d a9780545299893 bB192 2013 aBalliett, Blue aHold fast / cby Blue Balliett. aNew York : bScholastic, c2013 a274 pages : billustrations ; c19cm. a780